Fundamentals Sociology (Record no. 5552)

MARC details
000 -LEADER
fixed length control field 00313nam a2200133Ia 4500
008 - FIXED-LENGTH DATA ELEMENTS--GENERAL INFORMATION
fixed length control field 191201s2013 xx 000 0 und d
082 ## - DEWEY DECIMAL CLASSIFICATION NUMBER
Classification number 301
Item number SHF
100 ## - MAIN ENTRY--PERSONAL NAME
Personal name SHARMA,Rajendra K
245 #0 - TITLE STATEMENT
Title Fundamentals Sociology
260 ## - PUBLICATION, DISTRIBUTION, ETC. (IMPRINT)
Place of publication, distribution, etc N. Delhi
Name of publisher, distributor, etc Atlantic pub
Date of publication, distribution, etc 2013
300 ## - PHYSICAL DESCRIPTION
Extent 378
650 ## - SUBJECT ADDED ENTRY--TOPICAL TERM
Topical term or geographic name as entry element BBA
942 ## - ADDED ENTRY ELEMENTS (KOHA)
Source of classification or shelving scheme Dewey Decimal Classification
Koha item type Text Books
Holdings
Withdrawn status Lost status Source of classification or shelving scheme Damaged status Not for loan Collection code Home library Current library Date acquired Source of acquisition Cost, normal purchase price Bill Number Total Checkouts Full call number Acc. no. / Barcode Date last seen Date last borrowed Bill Date Koha item type Public note Checked out
    Dewey Decimal Classification     GENERAL PIET C-LIBRARY PIET C-LIBRARY 06/03/2013 IBH, New Delhi 350.00 23585 5 301 SHF 21373 04/04/2023 23/03/2023 02/03/2013 Text Books Motivational  
    Dewey Decimal Classification     BBA PIET C-LIBRARY PIET C-LIBRARY 06/03/2013 IBH, New Delhi 350.00 23585   301 SHF 21374 04/12/2019   02/03/2013 Text Books    
    Dewey Decimal Classification     BBA PIET C-LIBRARY PIET C-LIBRARY 06/03/2013 IBH, New Delhi 350.00 23585 2 301 SHF 21375 05/03/2020 05/03/2020 02/03/2013 Text Books   19/03/2020
    Dewey Decimal Classification     BBA PIET C-LIBRARY PIET C-LIBRARY 06/03/2013 IBH, New Delhi 350.00 23585 6 301 SHF 21376 19/06/2023 02/06/2023 02/03/2013 Text Books    

Design & Developed by: PIET Central Library
R70 Miles Stone Pattikalyana Samalkha Panipat 132102
mail ID :- [email protected], Phone No:- 0180-2569700 Ex.216